Statistics for Only Connect Quiz

Click here to take the quiz!

General Stats

  • This quiz has been taken 147 times
    (95 since last reset)
  • The average score is 11 of 40

Answer Stats

Round #CluesAnswer% Correct
4Deadly Sins: G LT TNYGluttony
87%
4Deadly Sins: P RDPride
82%
4Deadly Sins: N GRAnger
74%
4Hawaiian Islands: HWHawai'i
67%
4Merged Countries: J MCNDJamaicanada
67%
4Random Words: HP H ZRDHaphazard
63%
4Merged Countries: NGR M NYNigermany
63%
4Merged Countries: B HT NZNBhutanzania
61%
4Hawaiian Islands: MMaui
60%
4ET: XT RTR RSTR LExtraterrestrial
59%
4Hawaiian Islands: HO'ahu
48%
4Random Words: PNP PLPineapple
44%
4Merged Countries: RL N DR RIrelandorra
39%
4Deadly Sins: VR CAvarice
37%
4Merged Song Titles: W NTYB C KTB LCK(I) Want You Back To Black
34%
4Merged Song Titles: BL NKS PCD DTYBlank Space Oddity
26%
2Marcato, greater than, up bow...Less than
26%
4Random Words: RB T RRYArbitrary
18%
2Cranium, Scapula, Patella...Phalanges
18%
4Gender-swapped actors/actresses: HT HRL D GRHeather Ledger
16%
4Books Of The Bible: MSAmos
15%
4Merged Song Titles: BLDN GL VTHW YYLBleeding Love The Way You Lie
15%
4ET: FRN CHF RNDFrench for "and"
12%
4Books Of The Bible: SHIsaiah
12%
2Madagascar, Argentina, Nauru...Russia
12%
4Gender-swapped actors/actresses: LN NHR CKMNAlannah Rickman
11%
4Books Of The Bible: HSHosea
11%
4Books Of The Bible: BDHObadiah
11%
2Wheat, Set, Cease...Sank
11%
4ET: DTN DD SHDot and Dash
6%
4Hawaiian Islands: NHNi'ihau
5%
2Mars: Holy, Mercury: Spy, Jupiter: Maundy...Venus: Good
5%
2Anthony Albanese, Pauline Hanson, Clive Palmer...Adam Bandt or David Littleproud
4%
4Gender-swapped actors/actresses: M SDM SAmos Adams
4%
2I: Poached Alive, II: Shot, III: Sucked out of a plane...IV: Shot
4%
4ET: C HT NGEcho Tango
2%
4Gender-swapped actors/actresses: L CSLLucas Liu
2%
4Merged Song Titles: N VRG N NGVY PT HRCZ LYNever Gonna Give You Up There Cazaly
2%
2A = and, E = there, I = garlic...O = water
2%
4Random Words: LT RYAleatory
0%

Score Distribution

Percentile by Number Answered

Percent of People with Each Score

Your Score History

You have not taken this quiz since the last reset